| 000 | 00378nam a22001337a 4500 | ||
|---|---|---|---|
| 999 |
_c165007 _d165007 |
||
| 008 | 190601b ||||| |||| 00| 0 eng d | ||
| 035 | _aB-647459 | ||
| 040 |
_adpl _ben |
||
| 082 | _a940.2 | ||
| 100 | _aSinha, Arvind | ||
| 245 |
_aEurope in Transition _bfrom feudalism to Industrialization _cArvind Sinha |
||
| 300 | _a782P. | ||
| 942 |
_2ddc _cEN _h940.2 _mSIN |
||